Nuisance by noise transmission (Record no. 76307)
[ view plain ]
| 000 -LEADER | |
|---|---|
| fixed length control field | 01290cab a2200181 4500 |
| 001 - CONTROL NUMBER | |
| control field | ##L132015 |
| 008 - FIXED-LENGTH DATA ELEMENTS--GENERAL INFORMATION | |
| fixed length control field | 051221n2005 000 0 eng u |
| 035 ## - SYSTEM CONTROL NUMBER | |
| System control number | (Sirsi) u132015 |
| 041 0# - LANGUAGE CODE | |
| Language code of text/sound track or separate title | eng |
| 100 1# - MAIN ENTRY--PERSONAL NAME | |
| Personal name | Brewer, Geoff |
| 245 00 - TITLE STATEMENT | |
| Title | Nuisance by noise transmission |
| 260 ## - PUBLICATION, DISTRIBUTION, ETC. | |
| Date of publication, distribution, etc. | 2005 |
| 490 #0 - SERIES STATEMENT | |
| Series statement | Contract Journal |
| Volume/sequential designation | 431(6552) 23 November 2005, 30(1) |
| 520 ## - SUMMARY, ETC. | |
| Summary, etc. | Outlines the facts of, and comments upon, "Stannard v Charles Pitcher Ltd and Others", (QBD [2002] BLR 441). S sought a mandatory injunction requiring works to be carried out to the flat above, of which A was the lessee, to minimise noise nuisance. 'Held' that whilst flats in urban areas involve the tolerance of some level of noise, the impact noise in this case was above modern standards of acceptability and inconsistent with the provisions of the lease. In relation to nuisance, the reasonableness test applied. In this case, the standard of comfort previously enjoyed by S, and the standards envisaged by the lease which were available to the majority of tenants, were significant and important factors in deciding what was reasonable. A mandatory injunction was therefore granted. |
| 650 24 - SUBJECT ADDED ENTRY--TOPICAL TERM | |
| Topical term or geographic name entry element | STANNARD V AL SHAREKH |
| 690 ## - LOCAL SUBJECT ADDED ENTRY--TOPICAL TERM (OCLC, RLIN) | |
| Topical term or geographic name as entry element | BUILT ENVIRONMENT-CONSTRUCTION DESIGN-ACOUSTICS-NOISE POLLUTION |
| 942 ## - ADDED ENTRY ELEMENTS (KOHA) | |
| Suppress in OPAC | 0 |
| Withdrawn status | Lost status | Source of classification or shelving scheme | Damaged status | Not for loan | Home library | Current library | Shelving location | Date acquired | Total Checkouts | Full call number | Barcode | Date last seen | Copy number | Price effective from | Koha item type |
|---|---|---|---|---|---|---|---|---|---|---|---|---|---|---|---|
| Dewey Decimal Classification | London | London | Journal article | 21/12/2005 | L132015 | 132015-1001 | 06/08/2019 | 1 | 06/08/2019 | Journal article |